Technický management 1 Strategické řízení a hospodaření výrobních organizací
Enregistré dans:
| Auteur principal: | |
|---|---|
| Format: | Livre |
| Langue: | tchèque |
| Publié: |
Jinočany
H&H
1992
|
| Édition: | 1. vyd. |
| Sujets: | |
| Tags: |
Pas de tags, Soyez le premier à ajouter un tag!
|
MARC
| LEADER | 00000nam a2200000 4500 | ||
|---|---|---|---|
| 001 | c011963 | ||
| 005 | 20221206083625.7 | ||
| 020 | |a 80-85467-72-0 | ||
| 041 | 0 | |a cze | |
| 044 | |a CZ | ||
| 245 | 1 | 0 | |a Technický management 1 |b Strategické řízení a hospodaření výrobních organizací |c Zbyněk Pitra |
| 250 | |a 1. vyd. | ||
| 264 | 1 | |a Jinočany |b H&H |c 1992 | |
| 300 | |a 198 s. | ||
| 610 | 2 | 0 | |a manažment |
| 610 | 2 | 0 | |a manažment strategický |
| 610 | 2 | 0 | |a riadenie strategické |
| 610 | 2 | 0 | |a hospodárenie podnikové |
| 610 | 2 | 0 | |a stratégia podniková |
| 610 | 2 | 0 | |a výroba |
| 100 | 1 | |a Pitra, Zbyněk | |